[Event "Florianopolis op 10th"]
[Site "Florianopolis"]
[Date "2024.01.21"]
[Round "2"]
[White "De Haro, Martim Alfonso"]
[Black "Balbinotti, Rafael Tiago Busane"]
[Result "1-0"]
[WhiteElo "1704"]
[BlackElo "1345"]
[PlyCount "43"]
[EventDate "2024.01.20"]
[EventType "swiss"]
[EventRounds "10"]
[EventCountry "BRA"]
[SourceTitle "CB05_2024"]
[SourceDate "2024.01.31"]
[SourceVersion "1"]
[SourceVersionDate "2024.01.31"]
[SourceQuality "1"]

1. d4 d5 2. Nf3 c6 3. g3 Nf6 4. Bg2 Bf5 5. 0-0 e6 6. c4 dxc4 7. Ne5 Bd6 8. Nxc4 0-0 9. Nc3 Qc7 10. e4 b5 11. Nxd6 Qxd6 12. exf5 exf5 13. Nxb5 cxb5 14. Bxa8 Nbd7 15. Bg2 Ne4 16. Qd3 Ndc5 17. Qxb5 a6 18. Qc4 Ne6 19. d5 N6c5 20. Be3 Rc8 21. b4 g6 22. Bxc5 1-0

[Event "Florianopolis Autumn op U2300"]
[Site "Florianopolis"]
[Date "2022.05.15"]
[Round "5"]
[White "Boabaid, Jorge Alberto Duard"]
[Black "De Haro, Martim Alfonso"]
[Result "1-0"]
[WhiteElo "1753"]
[BlackElo "1727"]
[PlyCount "55"]
[EventDate "2022.05.13"]
[EventType "swiss"]
[EventRounds "6"]
[EventCountry "BRA"]
[SourceTitle "CBM 208 Extra"]
[Source "ChessBase"]
[SourceDate "2022.07.31"]
[SourceVersion "1"]
[SourceVersionDate "2022.07.31"]
[SourceQuality "1"]

1. e4 e5 2. Nf3 Nc6 3. Bc4 Nf6 4. d3 Bc5 5. 0-0 d6 6. c3 Bb6 7. Be3 Be6 8. Nbd2 Bxe3 9. fxe3 0-0 10. Bxe6 fxe6 11. Qb3 Qc8 12. Ng5 Nd8 13. Rf3 h6 14. Nh3 Qd7 15. Raf1 b6 16. d4 exd4 17. exd4 Nb7 18. Nf4 Rfe8 19. Rg3 Na5 20. Qc2 Nc6 21. Ng6 Nh7 22. Nf3 Nf8 23. Ngh4 Ne7 24. e5 Nh7 25. Ng6 Nf5 26. d5 Nxg3 27. dxe6 Rxe6 28. hxg3 1-0

[Event "Florianopolis Autumn op U2300"]
[Site "Florianopolis"]
[Date "2022.05.14"]
[Round "2"]
[White "De Freitas, Isabella Ribeiro Co"]
[Black "De Haro, Martim Alfonso"]
[Result "1-0"]
[WhiteElo "1852"]
[BlackElo "1727"]
[PlyCount "41"]
[EventDate "2022.05.13"]
[EventType "swiss"]
[EventRounds "6"]
[EventCountry "BRA"]
[SourceTitle "CBM 208 Extra"]
[Source "ChessBase"]
[SourceDate "2022.07.31"]
[SourceVersion "1"]
[SourceVersionDate "2022.07.31"]
[SourceQuality "1"]

1. e4 c5 2. Nf3 g6 3. d4 cxd4 4. Nxd4 Nc6 5. Nc3 Bg7 6. Be3 Nf6 7. Nxc6 bxc6 8. e5 Nd5 9. Nxd5 cxd5 10. Qxd5 Rb8 11. Bc4 0-0 12. f4 Bb7 13. Qd2 Qc7 14. Bb3 d6 15. exd6 exd6 16. 0-0-0 a5 17. Bd4 Bxd4 18. Qxd4 Bxg2 19. Rhg1 Bf3 20. Rd3 Rb7 21. f5 1-0

[Event "Florianopolis op 6th"]
[Site "Florianopolis"]
[Date "2020.01.21"]
[Round "3"]
[White "De Haro, Martim Alfonso"]
[Black "Maranhao, Jose Renato Ruiz"]
[Result "1/2-1/2"]
[WhiteElo "1804"]
[BlackElo "1989"]
[PlyCount "38"]
[EventDate "2020.01.20"]
[EventType "swiss"]
[EventRounds "10"]
[EventCountry "BRA"]
[SourceTitle "CBM 194 Extra"]
[Source "ChessBase"]
[SourceDate "2020.03.31"]
[SourceVersion "1"]
[SourceVersionDate "2020.03.31"]
[SourceQuality "1"]

1. Nf3 Nf6 2. c4 g6 3. b3 Bg7 4. Bb2 0-0 5. g3 c6 6. Bg2 d5 7. d3 dxc4 8. bxc4 Na6 9. 0-0 Bg4 10. Nbd2 Nc5 11. h3 Bc8 12. Kh2 a5 13. Rb1 a4 14. Ba3 Ne6 15. Qc2 Ra5 16. c5 Nd7 17. Nc4 Ra7 18. Nb6 Nc7 19. Nc4 b6 1/2-1/2

[Event "Florianopolis Winter op 5th"]
[Site "Florianopolis"]
[Date "2019.08.31"]
[Round "3"]
[White "Mariani, Daniel Brandao"]
[Black "De Haro, Martim Alfonso"]
[Result "1-0"]
[WhiteElo "2069"]
[BlackElo "1784"]
[PlyCount "67"]
[EventDate "2019.08.30"]
[EventType "swiss"]
[EventRounds "7"]
[EventCountry "BRA"]
[SourceTitle "EXT 2020"]
[Source "ChessBase"]
[SourceDate "2019.10.17"]
[SourceVersion "1"]
[SourceVersionDate "2019.10.17"]
[SourceQuality "1"]

1. d4 Nf6 2. c4 e6 3. Nc3 d5 4. Bg5 Be7 5. e3 0-0 6. Nf3 h6 7. Bh4 Ne4 8. Bxe7 Qxe7 9. Rc1 Rd8 10. Bd3 Nxc3 11. Rxc3 c6 12. 0-0 Nd7 13. Qb1 a5 14. a3 dxc4 15. Bxc4 e5 16. Rd1 e4 17. Nd2 Nf6 18. b4 axb4 19. axb4 Ra4 20. b5 Rb4 21. Rb3 Rxb3 22. Qxb3 Bg4 23. Rc1 Ra8 24. bxc6 bxc6 25. Qb6 Qa3 26. Rb1 Qc3 27. Bxf7+ Kxf7 28. Qb7+ Kg6 29. Qxa8 Qxd2 30. Qxc6 Qd3 31. Rc1 Bd7 32. Qc7 Kh7 33. h3 Qd2 34. Ra1 1-0

[Event "Florianopolis Winter op 5th"]
[Site "Florianopolis"]
[Date "2019.08.30"]
[Round "2"]
[White "Ferreira, Pedro Araujo"]
[Black "De Haro, Martim Alfonso"]
[Result "0-1"]
[WhiteElo "1968"]
[BlackElo "1784"]
[PlyCount "117"]
[EventDate "2019.08.30"]
[EventType "swiss"]
[EventRounds "7"]
[EventCountry "BRA"]
[SourceTitle "EXT 2020"]
[Source "ChessBase"]
[SourceDate "2019.10.17"]
[SourceVersion "1"]
[SourceVersionDate "2019.10.17"]
[SourceQuality "1"]

1. d4 d5 2. Nf3 Nf6 3. e3 c5 4. b3 Nc6 5. Bb2 Bg4 6. Be2 e6 7. 0-0 Bd6 8. Nbd2 Rc8 9. a3 cxd4 10. exd4 0-0 11. Rc1 Bf4 12. Ra1 Ne4 13. c3 Na5 14. Nxe4 dxe4 15. Ne5 Bxe2 16. Qxe2 Bxe5 17. dxe5 Qd3 18. Rae1 Qxe2 19. Rxe2 Nxb3 20. Rfe1 Nc5 21. Rd1 Rfd8 22. Red2 Rd3 23. Kf1 Rcd8 24. Bc1 Rxd2 25. Rxd2 Rxd2 26. Bxd2 Nd3 27. Be3 Nxe5 28. Bxa7 b5 29. Ke2 Nc4 30. Bc5 f5 31. f3 exf3+ 32. gxf3 e5 33. Kd3 Kf7 34. a4 Nb2+ 35. Kc2 Nxa4 36. Bf2 Ke6 37. Kb3 Kd6 38. Kb4 Nb2 39. Kxb5 Kd5 40. Ba7 e4 41. fxe4+ fxe4 42. Bb6 Nc4 43. Bc7 e3 44. h4 e2 45. Bg3 Na3+ 46. Kb6 Nc2 47. c4+ Kxc4 48. Kc6 e1Q 49. Bxe1 Nxe1 50. Kd6 Nf3 51. h5 g5 52. hxg6 hxg6 53. Ke6 g5 54. Kf5 Kd4 55. Kg4 Ke3 56. Kg3 Ke4 57. Kg2 Kf4 58. Kh3 g4+ 59. Kg2 0-1

[Event "Montevideo Duchamp Cup 3rd"]
[Site "Montevideo"]
[Date "2019.02.16"]
[Round "9"]
[White "Vassallo, Julio"]
[Black "De Haro, Martim Alfonso"]
[Result "0-1"]
[WhiteElo "1648"]
[BlackElo "1790"]
[PlyCount "98"]
[EventDate "2019.02.09"]
[EventType "swiss"]
[EventRounds "9"]
[EventCountry "URU"]
[SourceTitle "CBM 189 Extra"]
[Source "ChessBase"]
[SourceDate "2019.06.03"]
[SourceVersion "1"]
[SourceVersionDate "2019.06.03"]
[SourceQuality "1"]

1. e4 e5 2. Nf3 Nc6 3. Bc4 Nf6 4. d3 Bc5 5. c3 a5 6. 0-0 0-0 7. Bg5 h6 8. Bh4 Be7 9. Re1 d6 10. Bb3 Nh5 11. Bxe7 Qxe7 12. Nbd2 Nf4 13. Nf1 Be6 14. Ne3 Qf6 15. d4 Ne7 16. Qc2 Nxg2 17. Nxg2 Qxf3 18. Re3 Qf6 19. Rd1 Ng6 20. Rg3 Nh4 21. Nxh4 Qxh4 22. Qe2 Rae8 23. Kh1 Bxb3 24. axb3 exd4 25. Rxd4 Re5 26. f3 Rfe8 27. Rd1 Rg5 28. Rxg5 Qxg5 29. Rg1 Qe5 30. Qg2 Re6 31. Qg4 Kh7 32. Qg3 Rg6 33. Qf2 Rxg1+ 34. Kxg1 Qg5+ 35. Kh1 Qc1+ 36. Kg2 Qg5+ 37. Kh1 Qf4 38. Kg2 Qg5+ 39. Kh1 Qb5 40. f4 Qxb3 41. e5 Qd1+ 42. Kg2 Qd5+ 43. Kh3 dxe5 44. fxe5 Qe6+ 45. Kg2 Kg8 46. Qd4 Qg6+ 47. Kf3 Qf5+ 48. Kg3 Kh7 49. Qc5 f6 0-1

[Event "Montevideo Duchamp Cup 3rd"]
[Site "Montevideo"]
[Date "2019.02.13"]
[Round "6"]
[White "De Haro, Martim Alfonso"]
[Black "Agrasot, Antonio"]
[Result "1/2-1/2"]
[WhiteElo "1790"]
[BlackElo "1549"]
[PlyCount "47"]
[EventDate "2019.02.09"]
[EventType "swiss"]
[EventRounds "9"]
[EventCountry "URU"]
[SourceTitle "CBM 188 Extra"]
[Source "ChessBase"]
[SourceDate "2019.02.26"]
[SourceVersion "1"]
[SourceVersionDate "2019.02.26"]
[SourceQuality "1"]

1. e4 c6 2. Nf3 d5 3. Nc3 dxe4 4. Nxe4 Nf6 5. Bd3 Qc7 6. h3 h6 7. b3 Nbd7 8. Bb2 Nxe4 9. Bxe4 Nf6 10. Bd3 g6 11. Be5 Qd8 12. Bxf6 exf6 13. 0-0 Be7 14. Re1 0-0 15. a4 Re8 16. Bc4 Bd7 17. Qe2 Bf8 18. Qd3 Bf5 19. Rxe8 Qxe8 20. Qc3 Qd7 21. Nd4 Re8 22. Nxf5 Qxf5 23. Kf1 Qe5 24. Qxe5 1/2-1/2

[Event "Montevideo Duchamp Cup 3rd"]
[Site "Montevideo"]
[Date "2019.02.12"]
[Round "5"]
[White "Araque, Jairo"]
[Black "De Haro, Martim Alfonso"]
[Result "1-0"]
[WhiteElo "1961"]
[BlackElo "1790"]
[PlyCount "77"]
[EventDate "2019.02.09"]
[EventType "swiss"]
[EventRounds "9"]
[EventCountry "URU"]
[SourceTitle "CBM 188 Extra"]
[Source "ChessBase"]
[SourceDate "2019.02.26"]
[SourceVersion "1"]
[SourceVersionDate "2019.02.26"]
[SourceQuality "1"]

1. d4 Nf6 2. Bf4 d5 3. e3 c5 4. Nf3 Qb6 5. Nc3 a6 6. a3 Nc6 7. h3 h6 8. Be2 Bf5 9. Rb1 cxd4 10. exd4 e6 11. 0-0 Be7 12. b4 Ne4 13. Na4 Qa7 14. Rb3 Rc8 15. Nc5 0-0 16. c3 Rfd8 17. g4 Bh7 18. h4 Bd6 19. Bxd6 Nxd6 20. g5 hxg5 21. Nxg5 Bf5 22. Bg4 b6 23. Nd3 Qe7 24. Re1 Qf6 25. Bxf5 Qxf5 26. Re3 Re8 27. Qe2 f6 28. Nh3 Nc4 29. Rg3 e5 30. dxe5 N6xe5 31. Nxe5 Rxe5 32. Qg4 Qxg4 33. Rxg4 Re4 34. Rxe4 dxe4 35. Nf4 Nd2 36. Rb2 Nf3+ 37. Kg2 Rxc3 38. Nd5 b5 39. Nxc3 1-0

[Event "Florianopolis Regional STD op"]
[Site "Florianopolis"]
[Date "2018.10.13"]
[Round "4"]
[White "De Haro, Martim Alfonso"]
[Black "Koinski, Carlos Cesar"]
[Result "1-0"]
[WhiteElo "1875"]
[BlackElo "1447"]
[PlyCount "51"]
[EventDate "2018.10.12"]
[EventType "swiss"]
[EventRounds "6"]
[EventCountry "BRA"]
[SourceTitle "CBM 186 Extra"]
[Source "ChessBase"]
[SourceDate "2018.08.24"]
[SourceVersion "1"]
[SourceVersionDate "2018.08.24"]
[SourceQuality "1"]

1. e4 e5 2. Nf3 d6 3. Bc4 h6 4. h3 Nf6 5. d3 Nc6 6. c3 Be7 7. Bb3 Bd7 8. Nbd2 a6 9. Nf1 Qc8 10. Ne3 Na5 11. Bc2 Nc6 12. Qe2 Nh7 13. Bd2 Nf6 14. 0-0-0 Be6 15. Kb1 b5 16. d4 exd4 17. cxd4 Bd7 18. g4 Nh7 19. Nf5 Rg8 20. e5 dxe5 21. Nxe7 Kxe7 22. Bxh7 Re8 23. d5 f6 24. Bg6 Rh8 25. dxc6 Bxc6 26. Bb4+ 1-0

[Event "Florianopolis Regional STD op"]
[Site "Florianopolis"]
[Date "2018.10.13"]
[Round "3"]
[White "Feller, Gabriela Luisa Vice"]
[Black "De Haro, Martim Alfonso"]
[Result "1-0"]
[WhiteElo "1581"]
[BlackElo "1875"]
[PlyCount "119"]
[EventDate "2018.10.12"]
[EventType "swiss"]
[EventRounds "6"]
[EventCountry "BRA"]
[SourceTitle "CBM 186 Extra"]
[Source "ChessBase"]
[SourceDate "2018.08.24"]
[SourceVersion "1"]
[SourceVersionDate "2018.08.24"]
[SourceQuality "1"]

1. e4 e5 2. Nf3 Nf6 3. Nc3 Bb4 4. Bc4 0-0 5. 0-0 d6 6. d3 Nc6 7. Bg5 Bxc3 8. bxc3 h6 9. Bh4 Be6 10. Bb3 Ne7 11. Bxf6 gxf6 12. Nh4 Qd7 13. f4 Kh7 14. f5 Bxb3 15. axb3 d5 16. Qh5 Qc6 17. Rf3 Qxc3 18. Raf1 dxe4 19. dxe4 Qd4+ 20. Kh1 Qxe4 21. Rh3 Rg8 22. Qxf7+ Rg7 23. Qxf6 Ng8 24. Qe6 Rf8 25. Ng6 Rf6 26. Qxe5 Qxe5 27. Nxe5 Re7 28. Re3 Rc6 29. Nxc6 Rxe3 30. Nxa7 Nf6 31. Nb5 c6 32. Na3 b5 33. h3 Kg7 34. Kg1 Rc3 35. Rf2 b4 36. Nc4 h5 37. Re2 Nd5 38. Kf2 Nf4 39. Rd2 Nd5 40. Nd6 Nf6 41. Ke2 Rg3 42. Kf1 Rc3 43. Ke1 Kf8 44. Re2 Rc5 45. Kd1 Nd5 46. Ne4 Ra5 47. Kd2 Kg7 48. g3 Ra1 49. h4 Rg1 50. Kd3 Nf6 51. Re3 Nd5 52. Rf3 Re1 53. f6+ Kf8 54. f7 Rd1+ 55. Kc4 Rc1 56. Rf2 Ne3+ 57. Kd3 Ng4 58. Rf5 Rd1+ 59. Ke2 Rd4 60. Ng5 1-0

[Event "Sao Paulo op-B U2050 7th"]
[Site "Sao Paulo"]
[Date "2018.03.30"]
[Round "1"]
[White "Da Rosa, Henrique Jaze Simoe"]
[Black "De Haro, Martim Alfonso"]
[Result "0-1"]
[WhiteElo "1574"]
[BlackElo "1879"]
[PlyCount "92"]
[EventDate "2018.03.30"]
[EventType "swiss"]
[EventRounds "6"]
[EventCountry "BRA"]
[SourceTitle "EXT 2021"]
[Source "ChessBase"]
[SourceDate "2020.10.23"]
[SourceVersion "1"]
[SourceVersionDate "2020.10.23"]
[SourceQuality "1"]

1. Nf3 g6 2. c4 Nf6 3. g3 Bg7 4. Bg2 c5 5. 0-0 Nc6 6. Nc3 0-0 7. b3 d5 8. cxd5 Nxd5 9. Bb2 Nc7 10. Rc1 b6 11. Ne5 Nxe5 12. Bxa8 Nxa8 13. Qc2 Bb7 14. d3 Qd7 15. Rfd1 Qh3 16. f3 Ng4 17. e3 Nxe3 18. Qe2 Nxd1 19. Nxd1 Bxb2 20. Nxb2 Nc7 21. Nc4 Ne6 22. Nd2 Nd4 23. Qe3 Qe6 24. Qxe6 fxe6 25. Re1 Nxf3+ 26. Nxf3 Rxf3 27. Rxe6 Kf7 28. Re2 Rxd3 29. Kf2 Kf6 30. Ke1 e5 31. Rf2+ Bf3 32. Rf1 e4 33. a4 Rd1+ 34. Kf2 Rxf1+ 35. Kxf1 Bd1 36. Kf2 Bxb3 37. Ke3 Ke5 38. Ke2 Bxa4 39. Ke1 Kd4 40. Kd2 c4 41. h4 c3+ 42. Ke1 c2 43. Kd2 e3+ 44. Kc1 Kc3 45. h5 e2 46. hxg6 e1Q# 0-1

[Event "Curitiba op"]
[Site "Curitiba"]
[Date "2018.02.24"]
[Round "3"]
[White "De Haro, Martim Alfonso"]
[Black "De Oliveira, Wythor Rogerio"]
[Result "1-0"]
[WhiteElo "1898"]
[BlackElo "1255"]
[PlyCount "35"]
[EventDate "2018.02.23"]
[EventType "swiss"]
[EventRounds "6"]
[EventCountry "BRA"]
[SourceTitle "CBM 183 Extra"]
[Source "ChessBase"]
[SourceDate "2018.04.19"]
[SourceVersion "1"]
[SourceVersionDate "2018.04.19"]
[SourceQuality "1"]

1. e4 e5 2. Nf3 Nc6 3. d4 exd4 4. Bc4 Bb4+ 5. c3 dxc3 6. bxc3 Ba5 7. 0-0 Nge7 8. Ng5 0-0 9. Qh5 h6 10. Nxf7 Rxf7 11. Qxf7+ Kh8 12. f4 Bb6+ 13. Kh1 Na5 14. Bd3 Qg8 15. Qh5 Qh7 16. Qe8+ Ng8 17. f5 g5 18. f6 1-0